Education and federalism in India (Record no. 516586)

000 -LEADER
fixed length control field 00252nam a22000977a 4500
082 ## - DEWEY DECIMAL CLASSIFICATION NUMBER
Classification number TNC Px54 K833
100 ## - MAIN ENTRY--PERSONAL NAME
Personal name Kolhatkar,M.R.
9 (RLIN) 23118
245 ## - TITLE STATEMENT
Title Education and federalism in India
Statement of responsibility, etc By M.R. Kolhatkar
260 ## - PUBLICATION, DISTRIBUTION, ETC. (IMPRINT)
Place of publication, distribution, etc Jaipur
Name of publisher, distributor, etc Rawat
Date of publication, distribution, etc 2012
300 ## - PHYSICAL DESCRIPTION
Extent 348p.
Holdings
Withdrawn status Lost status Source of classification or shelving scheme Damaged status Koha normalized classification for sorting Not for loan Permanent location Current location Date acquired Full call number Barcode Date last seen Price effective from Koha item type
        TNC_PX54_K833   Indian Institute of Public Administration Indian Institute of Public Administration 2021-03-02 TNC Px54 K833 GR23200 2021-03-02 2021-03-02 GR

Powered by Koha